000 00597nam a2200229Ia 4500
003 OSt
005 20240927152941.0
008 210210b1913 xxu||||| |||| 00| 0 eng d
040 _cAL
041 _aEnglish/Sanskrit
082 _a886/84
100 _a-
_9180577
245 _aChandogya upanishad with tika
_bछन्दोग्य उपनिषद्
260 _aBombay
_b-
_c1913
650 _awith
_9180578
650 _aupanishad
_9180579
650 _atika
_9180580
650 _aChandogya
_9180581
690 _aSanskrit Criticism
_9180582
906 _a024589
942 _2ddc
_cBK
999 _c150137
_d150137